| 000 | 00984cab a2200277 4500 | ||
|---|---|---|---|
| 001 | ABS53165 | ||
| 008 | 090401t1995 xxu||||| |||| 00| 0 eng d | ||
| 035 | _a(Sirsi) u2478 | ||
| 041 | _aeng | ||
| 100 | _aSherman, H. | ||
| 245 | 3 | _aAn industry cry for Woolf | |
| 260 | _c1995 | ||
| 350 | _a0 | ||
| 490 |
_aContract Journal _v379(6031) 29 June 1995, 13(1) |
||
| 520 | _aOutlines the recommendations in Lord Woolf`s Interim Report on Civil Justice, and the implications for the handling of construction disputes by the courts. (See also Abs ). | ||
| 650 | _aACCESS TO CIVIL JUSTICE | ||
| 650 | _aALTERNATIVE DISPUTE RESOLUTION | ||
| 650 | _aMANAGEMENT-DISPUTE AVOIDANCE, MANAGEMENT AND RESOLUTION-DISPUTE MANAGEMENT AND RESOLUTION-ARBITRATION | ||
| 650 | _aCIVIL JUSTICE SYSTEM | ||
| 650 | _aINTERIM REPORT | ||
| 650 | _aOFFICIAL REFEREES COURT | ||
| 650 | _aWOOLF REPORT | ||
| 690 | _aBUILT ENVIRONMENT-BUILDING CONTRACT FORMS | ||
| 942 | _n0 | ||
| 948 | _c04/03/1997 | ||
| 999 |
_c1497 _d1497 |
||